20. dny tepelného zpracování s mezinárodní účastí = 20th National Conference on Heat Treatment with International Participation : Sborník přednášek. Proceedings
Guardado en:
| Autor Corporativo: | |
|---|---|
| Formato: | Procedimiento de la Conferencia Libro |
| Lenguaje: | lenguas múltiples |
| Publicado: |
Praha :
Asociace pro tepelné zpracování kovů,
2004
|
| Materias: | |
| Etiquetas: |
Sin Etiquetas, Sea el primero en etiquetar este registro!
|
MARC
| LEADER | 00000nam a22000003a 4500 | ||
|---|---|---|---|
| 001 | stu91974 | ||
| 005 | 20150408175129.9 | ||
| 008 | 041206s2004----xr------------------mul-d | ||
| 020 | |a 80-239-3561-5 | ||
| 040 | |a STU |b slo | ||
| 041 | 0 | |a mul | |
| 044 | |a xr | ||
| 080 | |a 66.04(082) | ||
| 111 | 2 | |a Mezinárodní konference |d (23.-25.11.2004 : |c Jihlava) | |
| 245 | |a 20. dny tepelného zpracování s mezinárodní účastí = 20th National Conference on Heat Treatment with International Participation : |b Sborník přednášek. Proceedings | ||
| 260 | |a Praha : |b Asociace pro tepelné zpracování kovů, |c 2004 | ||
| 300 | |a 434 s | ||
| 650 | 7 | |a spracovanie tepelné |2 stusub | |
| 996 | |b 284M042512 |c M*Z-2541 |l MMKN |s A |a 24 |w stu91974_0001 | ||
| 996 | |b 284M042513 |c M*Z-2542 |l MMST |s P |a 0 |w stu91974_0002 | ||
| 996 | |b 284M042514 |c M*Z-2543 |l MMKN |s A |a 24 |w stu91974_0003 | ||
| 996 | |b 284M042515 |c M*Z-2544 |l MMKN |s A |a 24 |w stu91974_0004 | ||
| 996 | |b 284M042516 |c M*Z-2545 |l MMKN |s A |a 24 |w stu91974_0005 | ||
| 996 | |b 284M042517 |c M*Z-2546 |l MMKN |s A |a 24 |w stu91974_0006 | ||